| 000 | 00341nam a2200157Ia 4500 | ||
|---|---|---|---|
| 008 | 160316s9999 xxu||||| |||| 00| 0 eng d | ||
| 082 |
_a344.013400 _bCHI |
||
| 100 | _a | ||
| 245 | _aChild labour in Magadi: Methodoloy | ||
| 250 | _a | ||
| 260 |
_a _b _c0 |
||
| 300 |
_a11 _b _c |
||
| 365 | _b | ||
| 650 | _a1. Child labour | ||
| 700 |
_a _a |
||
| 999 |
_c36754 _d36754 |
||